000 00280nam a2200145Ia 4500
100 _aBagad
942 _cBK
654 _anetwork
245 _aComputer Network
260 _bTech Publication
_c2003
082 _a4.6
_bBAG
300 _a310
546 _aENGLISH
999 _c26228
_d26228